Costs law (Record no. 70638)

MARC details
000 -LEADER
fixed length control field 00805cam a2200217 4500
001 - CONTROL NUMBER
control field X118618
008 - FIXED-LENGTH DATA ELEMENTS--GENERAL INFORMATION
fixed length control field 020701n2002 000 0 eng u
035 ## - SYSTEM CONTROL NUMBER
System control number (Sirsi) u118618
100 ## - MAIN ENTRY--PERSONAL NAME
Personal name Morgan, J
245 ## - TITLE STATEMENT
Title Costs law
260 ## - PUBLICATION, DISTRIBUTION, ETC.
Date of publication, distribution, etc. 2002
490 ## - SERIES STATEMENT
Series statement Law Society's Gazette
Volume/sequential designation 99(19) 10 May 2002, 26(1)
520 ## - SUMMARY, ETC.
Summary, etc. Reviews CA decision in 'Lownds v Home Office' [2002] which provides guidance on the assessment of proportionality in costs orders made under Civil Procedure Rules 1998. Outlines process of quantifying costs, and how to determine whether costs were necessary.
650 ## - SUBJECT ADDED ENTRY--TOPICAL TERM
Topical term or geographic name entry element LOWNDS V HOME OFFICE
650 ## - SUBJECT ADDED ENTRY--TOPICAL TERM
Topical term or geographic name entry element CIVIL PROCEDURE RULES 1998
650 ## - SUBJECT ADDED ENTRY--TOPICAL TERM
Topical term or geographic name entry element CIVIL PROCEDURE RULES
650 ## - SUBJECT ADDED ENTRY--TOPICAL TERM
Topical term or geographic name entry element COSTS
650 ## - SUBJECT ADDED ENTRY--TOPICAL TERM
Topical term or geographic name entry element PROPORTIONALITY
690 ## - LOCAL SUBJECT ADDED ENTRY--TOPICAL TERM (OCLC, RLIN)
Topical term or geographic name as entry element Dispute resolution
9 (RLIN) 6236
942 ## - ADDED ENTRY ELEMENTS (KOHA)
Suppress in OPAC 0
Holdings
Withdrawn status Lost status Source of classification or shelving scheme Damaged status Not for loan Home library Current library Shelving location Date acquired Total Checkouts Barcode Date last seen Copy number Price effective from Koha item type
    Dewey Decimal Classification     London London Journal article 01/07/2002   118618-1001 06/08/2019 1 06/08/2019 Journal article